00341cam a22000977a 4500008004000000082002300040245008800063260004700151300000900198650003600207180718b1970 xxu||||| |||| 00| 0 eng d aB73069mcx5461 D378 aMunicipal corporatio of Delhi : Year book 1967-70cBy Municipal corporatio of Delhi aDelhibMunicipal corporatio of Delhic1970 a248p aIndia -- Municipal corporations